000 00916nam a2200277Ia 4500
003 OSt
005 20220926004906.0
006 a|||||r|||| 00| 0
007 ta
008 220923b |||||||| |||| 00| 0 eng d
020 _a9781412934282
_c11024.40
037 _b113522, 12/03/2019, International Book Distrobutors
_cGeneral Book
040 _aRTL
_cRTL
_beng
041 _2eng
_aeng
082 _aX:51.1g, P9/RR
100 _aKOTABE Masaaki
245 0 _aSAGE HANDBOOK of international marketing.
260 _a New Delhi
_bSage
_c2009
300 _axviii, 548p
_ccm.
490 _aCritical Introduction To Geography
500 _aBibliography chapterwise
650 _aCommerce
700 _a HELSEN Kristiaan
_9270478
942 _hX:51.1g, P9/RR
_cGB
_2CC
999 _c612473
_d612473